| 000 -LEADER |
| fixed length control field |
01278 a2200277 4500 |
| 003 - CONTROL NUMBER IDENTIFIER |
| control field |
Nust |
| 005 - DATE AND TIME OF LATEST TRANSACTION |
| control field |
20230223180722.0 |
| 010 ## - LIBRARY OF CONGRESS CONTROL NUMBER |
| LC control number |
91014108 |
| 040 ## - CATALOGING SOURCE |
| Transcribing agency |
Nust |
| 082 00 - DEWEY DECIMAL CLASSIFICATION NUMBER |
| Classification number |
511,LIP |
| 100 1# - MAIN ENTRY--PERSONAL NAME |
| Personal name |
Lipschutz, Seymour. |
| 9 (RLIN) |
8529 |
| 245 10 - TITLE STATEMENT |
| Title |
2000 solved problems in discrete mathematics / |
| Statement of responsibility, etc. |
by Seymour Lipschutz, Marc Lars Lipson. |
| 246 3# - VARYING FORM OF TITLE |
| Title proper/short title |
Discrete mathematics |
| 246 3# - VARYING FORM OF TITLE |
| Title proper/short title |
Two thousand solved problems in discrete mathematics |
| 260 ## - PUBLICATION, DISTRIBUTION, ETC. |
| Place of publication, distribution, etc. |
New York : |
| Name of publisher, distributor, etc. |
McGraw-Hill, |
| Date of publication, distribution, etc. |
c1992. |
| 300 ## - PHYSICAL DESCRIPTION |
| Extent |
iv, 404 p. ; |
| Dimensions |
28 cm. |
| 440 #0 - SERIES STATEMENT/ADDED ENTRY--TITLE |
| Title |
Schaum's solved problems series |
| 9 (RLIN) |
3538 |
| 505 ## - FORMATTED CONTENTS NOTE |
| Formatted contents note |
Set Theory (Page-1), Relation (Page-48), Function (Page-81),Vectors and Matrices (Page-115),Graph Theory (Page-156), Planar Graphs and Tress (Page-189), Combinatorial Analysis (Page-243), Algebra Systems (Page-276), Boolean Algebra (Page-370). |
| 650 #0 - SUBJECT ADDED ENTRY--TOPICAL TERM |
| Topical term or geographic name entry element |
Computer science |
| General subdivision |
Mathematics |
| 9 (RLIN) |
17957 |
| 650 #0 - SUBJECT ADDED ENTRY--TOPICAL TERM |
| Topical term or geographic name entry element |
Mathematics |
| 700 1# - ADDED ENTRY--PERSONAL NAME |
| Personal name |
Lipson, Marc. |
| 9 (RLIN) |
109541 |
| 856 42 - ELECTRONIC LOCATION AND ACCESS |
| Materials specified |
Contributor biographical information |
| Uniform Resource Identifier |
<a href="http://www.loc.gov/catdir/enhancements/fy1012/91014108-b.html">http://www.loc.gov/catdir/enhancements/fy1012/91014108-b.html</a> |
| 856 42 - ELECTRONIC LOCATION AND ACCESS |
| Materials specified |
Publisher description |
| Uniform Resource Identifier |
<a href="http://www.loc.gov/catdir/description/mh022/91014108.html">http://www.loc.gov/catdir/description/mh022/91014108.html</a> |
| 856 42 - ELECTRONIC LOCATION AND ACCESS |
| Materials specified |
Table of contents |
| Uniform Resource Identifier |
<a href="http://www.loc.gov/catdir/toc/mh021/91014108.html">http://www.loc.gov/catdir/toc/mh021/91014108.html</a> |
| 942 ## - ADDED ENTRY ELEMENTS (KOHA) |
| Source of classification or shelving scheme |
|
| Koha item type |
Book |